| 000 | 00789nam a2200205Ia 4500 | ||
|---|---|---|---|
| 999 |
_c38263 _d38263 |
||
| 001 | 4253 | ||
| 003 | GE_BSU | ||
| 005 | 20191011110132.0 | ||
| 008 | 181216s1977||||ge |||||||||||||| ||geo|| | ||
| 040 | _cGE_BSU | ||
| 041 | _ageo | ||
| 080 | _a37.018.1.035.3 ბ–57 | ||
| 100 |
_aბერძენიშვილი, მამია _93625 |
||
| 245 |
_aბავშვის შრომითი აღზრდა ოჯახში / _cრედ. ო.გოგუაძე. |
||
| 264 |
_aბათუმი : _bსაბჭ. აჭარა, _c1977. |
||
| 300 |
_a48 გვ.; _b16 სმ. |
||
| 653 | _aბავშვის შრომითი აღზრდა ოჯახში; | ||
| 700 |
_aგოგუაძე, ო. _eრედაქტორი _94686 |
||
| 942 |
_cBK _2udc |
||